Personnages de la religion chrétienne - Statistiques

Statistiques générales
  • Ce quiz a été pris 1 061 fois
    1 052 depuis la dernière actualisation
  • Le résultat moyen est 23 sur 50
Statistiques - réponses
Indice Personnage % Correct
La Vierge Marie
98%
Fils de Dieu Jésus
97%
Evangeliste Jean
94%
Mari de la Vierge Joseph
91%
Evangeliste Luc
90%
Premier homme Adam
84%
Première femme Eve
84%
Evangeliste Matthieu
82%
Gardien des clés Pierre
78%
Apôtre Pierre
78%
Evangeliste Marc
77%
Récepteur des 12 commandements Moise
76%
Célèbre pour son arche Noé
76%
Archange Gabriel
74%
Apôtre Judas
71%
Saint à l'épée, "treizième apôtre" Paul
65%
Ange déchu Samaël/Lucifer
61%
Premier meurtrier Cain
60%
Adroit au lance pierres David
59%
Première victime Abel
57%
Archange Michel
54%
Saint décapité, ayant baptisé le christ Jean le Baptiste
51%
Et le buisson ardent Abraham
47%
Apôtre Jacques
45%
Apôtre Jacques
45%
Apôtre Thomas
42%
Roi légendaire Salomon
38%
Apôtre Simon
37%
Avalé par un poisson géant Jonas
35%
Ressucité par le Christ Lazare
31%
Fils de ce dernier Isaac
28%
Puissant par sa chevelure Samson
26%
Archange Raphaël
25%
Apôtre André
24%
Douta de Dieu Jacob/Israel
23%
Le Juste, mis à l'épreuve Job
21%
Prostituée repentante Madeleine
21%
Apôtre Barthélémy
20%
Apôtre Jude
19%
Apôtre Philippe
19%
Démon Belzebuth
13%
Saint fondateur de plusieurs ordres religieux Benoit
12%
Leur frère Seth
12%
Saint vainqueur d'un dragon Georges
11%
Saint parlant aux animaux François d'Assise
9%
Saint criblé de flèches Sébastien
9%
Prophète Ezechiel
8%
Saint, Docteur et Père de l'Eglise Jérôme
3%
Sainte à la brebis Agnès
2%
Saint blessé à la jambe gauche Roque
1%
Aucun quiz correspondant
Distribution des résultats
% des personnes avec chaque résultat
Percentile par nombre de réponses
Votre historique - résultats
Vous n’avez pas pris ce quiz depuis la dernière actualisation